MARC
| LEADER | 00000 a a2200000 04500 | ||
|---|---|---|---|
| 001 | 6836 | ||
| 003 | |||
| 040 | |||
| 245 | |a FUSADES avala la política fiscal | ||
| 650 | |a REFORMA ECONOMICA | ||
| 650 | |a PENSIONES | ||
| 650 | |a ECONOMIA | ||
| 650 | |a EL SALVADOR | ||
| 773 | |g volumen 28, número 1253; páginas 7-9 | ||
| 999 | |c 36910 |d 36910 | ||
| LEADER | 00000 a a2200000 04500 | ||
|---|---|---|---|
| 001 | 6836 | ||
| 003 | |||
| 040 | |||
| 245 | |a FUSADES avala la política fiscal | ||
| 650 | |a REFORMA ECONOMICA | ||
| 650 | |a PENSIONES | ||
| 650 | |a ECONOMIA | ||
| 650 | |a EL SALVADOR | ||
| 773 | |g volumen 28, número 1253; páginas 7-9 | ||
| 999 | |c 36910 |d 36910 | ||